000 00906nab a2200289 4500
003 BR-BrBNA
005 20260226095944.0
008 260226b bl.||||| |||| 00| 0 por d
040 _aBR-BrBNA
_bpor
072 _aE10 ; J10 ; E11 ; C20 ; E70
100 _aOndei, Vera
100 _aMoitinho, Fábio
245 _aA voz do campo
_bAgroeconomia
500 _a5 illus.
650 _aAGRONEGÓCIO
650 _aPOLÍTICAS PÚBLICAS
650 _aLOGÍSTICA
650 _aDEMARCAÇÃO DE TERRAS
650 _aEXTENSÃO RURAL
650 _aMACROECONOMIA
650 _aTAXA DE CÂMBIO
650 _aINFLAÇÃO
650 _aACORDO COMERCIAL
773 0 _01706
_9348141
_dSão Paulo-SP Editora Três Ltda - E-mail: luizfsa@revistadinheiro.com.br 2004
_o2025-0632
_tDinheiro Rural (Brazil)
_x1807-3700
_gv. 9(119) p. 28-30; (Oct 2014)
_wBR2025005987
942 _cANA
999 _c340196
_d340196